| 000 | 00000nam##2200000za#4500 |
| 001 | 9.571861 |
| 003 | CaOODSP |
| 005 | 20210624182932 |
| 007 | cr ||||||||||| |
| 008 | 150406|2008||||xxc|||||o f|0| 0 eng|d |
| 040 | |aCaOODSP|beng |
| 043 | |an-cn--- |
| 086 | 1 |aNH18-24/28C-2008E-PDF |
| 110 | 2 |aCanada Mortgage and Housing Corporation. |
| 245 | 10|aBefore you start renovating your basement - moisture problems |h[electronic resource] |
| 250 | |aRev. 2008 |
| 260 | |bCanada Mortgage and Housing Corporation |cc2000. |
| 300 | |a8p.|bfig., table |
| 490 | 1 |aAbout your house |vCE28c |
| 590 | |a11-24-Supp|b2011-10-24 |
| 690 | 07|aHome renovations|2gcpds |
| 690 | 07|aConstruction materials|2gcpds |
| 775 | 08|tAvant de rénover votre sous-sol : problèmes d'humidité |w(CaOODSP)9.602281 |
| 830 | #0|aAbout your house ;|vCE28c|w(CaOODSP)9.505388 |
| 856 | 40|ahttp://publications.gc.ca|qPDF|s168 KB|uhttps://publications.gc.ca/collections/collection_2011/schl-cmhc/nh18-24/NH18-24-28c-2008-eng.pdf|yCE28c |